[Event "Vellmar op 7th"]
[Site "Vellmar"]
[Date "2015.08.08"]
[Round "5"]
[White "Reitz, Philipp"]
[Black "Freier, Werner"]
[Result "0-1"]
[WhiteElo "1773"]
[BlackElo "1912"]
[PlyCount "152"]
[EventDate "2015.08.06"]
[EventType "swiss"]
[EventRounds "7"]
[EventCountry "GER"]
[SourceTitle "CBM 167 Extra"]
[Source "ChessBase"]
[SourceDate "2015.09.14"]
[SourceVersion "1"]
[SourceVersionDate "2015.09.14"]
[SourceQuality "1"]

1. c4 Nf6 2. d4 e6 3. g3 d5 4. Nf3 Be7 5. Bg2 0-0 6. 0-0 c5 7. cxd5 exd5 8. Nc3 Nc6 9. Bf4 Be6 10. Rc1 a6 11. a3 c4 12. Ne5 Qb6 13. Nxc6 Qxc6 14. b4 b5 15. Qc2 Rad8 16. Rfd1 Rfe8 17. Rd2 Qd7 18. f3 Nh5 19. Be3 Bh3 20. Bh1 Bxb4 21. axb4 Rxe3 22. Kf2 Qe7 23. Ra1 Bc8 24. Bg2 Nf6 25. Rb1 Re8 26. Nd1 g6 27. g4 Bxg4 28. fxg4 Nxg4+ 29. Kf1 Qf6+ 30. Bf3 Nxh2+ 31. Kg2 Nxf3 32. Nxe3 Nxd2 33. Qxd2 Qg5+ 34. Kf3 Qf6+ 35. Kg2 Qg5+ 36. Kf3 Qe7 37. Nc2 Qe4+ 38. Kf2 Qh4+ 39. Kf3 Qh3+ 40. Kf2 Qh4+ 41. Kf3 Re4 42. Rg1 Qf6+ 43. Kg3 h5 44. Rg2 Qf1 45. e3 Qh1 46. Kf2 h4 47. Qe1 Qh3 48. Qg1 Qf5+ 49. Ke2 h3 50. Rf2 Qh5+ 51. Kd2 g5 52. Qh2 g4 53. Qg3 Re6 54. Ne1 Rh6 55. Nf3 Rf6 56. Nh2 Rxf2+ 57. Qxf2 Qg6 58. Qg3 f5 59. Qb8+ Kh7 60. Qg3 Qe6 61. Nf3 gxf3 62. Qxh3+ Kg7 63. Qxf3 Qe4 64. Qg3+ Kf6 65. Qd6+ Kg5 66. Qg3+ Qg4 67. Qe5 Qg2+ 68. Kc3 Qf2 69. Qg7+ Kh4 70. Qh6+ Kg3 71. Qd6+ Kh3 72. Qe5 Qe1+ 73. Kc2 Qe2+ 74. Kc1 Qd3 75. Qf4 c3 76. e4 Qd2+ 0-1

[Event "Vellmar op 7th"]
[Site "Vellmar"]
[Date "2015.08.06"]
[Round "1"]
[White "Rothe, Guido"]
[Black "Freier, Werner"]
[Result "1-0"]
[WhiteElo "2179"]
[BlackElo "1912"]
[PlyCount "59"]
[EventDate "2015.08.06"]
[EventType "swiss"]
[EventRounds "7"]
[EventCountry "GER"]
[SourceTitle "CBM 167 Extra"]
[Source "ChessBase"]
[SourceDate "2015.09.14"]
[SourceVersion "1"]
[SourceVersionDate "2015.09.14"]
[SourceQuality "1"]

1. c4 e6 2. Nf3 d5 3. g3 Nf6 4. Bg2 Be7 5. 0-0 0-0 6. b3 c5 7. e3 Nc6 8. Bb2 Ne4 9. d4 Bf6 10. Ne5 cxd4 11. exd4 Be7 12. Qe2 f5 13. Nxc6 bxc6 14. Nd2 a5 15. Nxe4 fxe4 16. f3 exf3 17. Rxf3 Bf6 18. Re3 Rb8 19. c5 a4 20. Bh3 Rb4 21. Rd1 axb3 22. axb3 Qa5 23. Bc3 Qb5 24. Bxb4 Qxb4 25. Qe1 Qa3 26. Bxe6+ Bxe6 27. Rxe6 Qxb3 28. Re8 Kf7 29. Qe6+ Kg6 30. Rd2 1-0

[Event "Oberliga Nord W 1415"]
[Site "Germany"]
[Date "2014.10.19"]
[Round "2.7"]
[White "Freier, Werner"]
[Black "Stotyn, Fabian"]
[Result "0-1"]
[WhiteElo "1906"]
[BlackElo "2094"]
[PlyCount "92"]
[EventDate "2014.09.22"]
[EventType "team-tourn"]
[EventRounds "9"]
[EventCountry "GER"]
[SourceTitle "EXT 2016"]
[Source "ChessBase"]
[SourceDate "2015.10.08"]
[SourceVersion "1"]
[SourceVersionDate "2015.10.08"]
[SourceQuality "1"]
[WhiteTeam "Hildesheim"]
[BlackTeam "Nordhorn Blanke"]
[WhiteTeamCountry "GER"]
[BlackTeamCountry "GER"]

1. Nf3 c5 2. e4 d6 3. Bb5+ Bd7 4. Bxd7+ Nxd7 5. 0-0 g6 6. d4 Bg7 7. c3 Qb6 8. Qa4 Qc6 9. Qxc6 bxc6 10. Re1 cxd4 11. cxd4 c5 12. Nc3 Rb8 13. Be3 Nh6 14. Rad1 Ng4 15. Bc1 cxd4 16. Nxd4 Nc5 17. Nd5 Ne5 18. Re2 Kd7 19. b3 Ned3 20. Be3 Ne5 21. Rc2 Rhc8 22. f3 Ned3 23. Kf1 h5 24. Ke2 e5 25. Rxc5 Nxc5 26. Nc2 Nxb3 27. Ndb4 Nd4+ 28. Nxd4 Rxb4 29. Nb3 Rc2+ 30. Rd2 Rxd2+ 31. Kxd2 Ra4 32. Nc1 f5 33. Kc2 fxe4 34. Kb3 Ra6 35. fxe4 Rc6 36. Nd3 a5 37. Nb2 Bf6 38. Nc4 Bd8 39. a4 Ke6 40. Bd2 Rc5 41. Be3 Rc8 42. Bd2 d5 43. exd5+ Kxd5 44. Nxa5 Rb8+ 45. Kc2 Bxa5 46. Bxa5 Ra8 0-1

[Event "Daehne Cup Niedersachsen"]
[Site "Lehrte"]
[Date "2011.08.21"]
[Round "2"]
[White "Ritter, Uwe"]
[Black "Freier, Werner"]
[Result "1-0"]
[WhiteElo "1916"]
[BlackElo "1903"]
[PlyCount "95"]
[EventDate "2011.08.20"]
[EventType "k.o."]
[EventRounds "3"]
[EventCountry "GER"]
[SourceTitle "EXT 2021"]
[Source "ChessBase"]
[SourceDate "2020.10.23"]
[SourceVersion "1"]
[SourceVersionDate "2020.10.23"]
[SourceQuality "1"]

1. d4 Nf6 2. c4 e6 3. g3 c5 4. Nf3 cxd4 5. Nxd4 Nc6 6. Bg2 Qb6 7. Nb3 d5 8. 0-0 dxc4 9. N3d2 Qc5 10. Nc3 Be7 11. Nde4 Qd4 12. Be3 Qxd1 13. Rfxd1 0-0 14. Nd6 Rd8 15. Nxc4 Bd7 16. Nd6 b6 17. h3 Rab8 18. Rac1 Nb4 19. Bg5 Nbd5 20. Nxd5 exd5 21. Bxf6 gxf6 22. Rxd5 Be6 23. Nf5 Bc5 24. Rxd8+ Rxd8 25. Be4 Rd2 26. Rc2 Rxc2 27. Bxc2 Bxa2 28. e3 Be6 29. Kf1 b5 30. Ke2 a5 31. h4 a4 32. Nd4 Bc4+ 33. Bd3 Bxd4 34. exd4 Bxd3+ 35. Kxd3 Kf8 36. Kc3 Ke7 37. Kb4 Kd6 38. Kxb5 Kd5 39. Kxa4 Kxd4 40. b4 Ke4 41. b5 Kf3 42. b6 Kxf2 43. b7 Kxg3 44. b8Q+ Kxh4 45. Qf4+ Kh3 46. Qf5+ Kg3 47. Qxh7 Kg4 48. Qg7+ 1-0